[Event "Gausdal Bygger'n Masters"]
[Site "Gausdal NOR"]
[Date "2005.10.06"]
[Round "6.25"]
[White "Tallaksen, Geir Sune"]
[Black "Aarland, Stein Arild"]
[Result "1-0"]
[WhiteElo "2350"]
[BlackElo "2278"]
[PlyCount "143"]
[EventDate "2005.10.01"]
[EventType "swiss"]
[EventRounds "9"]
[EventCountry "NOR"]
[Source "lmi"]
[SourceDate "2005.10.05"]

1. d4 e6 2. c4 Nf6 3. Nf3 d5 4. Nc3 Be7 5. Bg5 O-O 6. e3 c6 7. Rc1 Nbd7 8. Bd3
dxc4 9. Bxc4 Nd5 10. Bxe7 Qxe7 11. O-O Nxc3 12. Rxc3 e5 13. Bb3 e4 14. Nd2 Nf6
15. Rc5 Bg4 16. Qb1 Be2 17. Rfc1 Nd7 18. R5c3 Bd3 19. Bc2 Bxc2 20. Qxc2 Rfe8
21. b4 Nb6 22. Qb3 Nd5 23. Rc5 a6 24. a4 Nc7 25. h3 Qh4 26. Nc4 Rad8 27. Rf5
Re7 28. Nb6 Qh6 29. Rfc5 Ne6 30. R5c2 Ng5 31. Kf1 g6 32. d5 Qh5 33. Rd2 Nf3 34.
Rdd1 Nh2+ 35. Kg1 Nf3+ 36. Kh1 Ng5 37. dxc6 Rxd1+ 38. Qxd1 Qxd1+ 39. Rxd1 bxc6
40. Rd8+ Kg7 41. Rc8 Ne6 42. Rxc6 Rc7 43. Rxc7 Nxc7 44. Nc4 f5 45. g4 Kf6 46.
Kg2 g5 47. Nd6 fxg4 48. Nxe4+ Ke5 49. Nxg5 gxh3+ 50. Kxh3 Kd5 51. Nxh7 Kc4 52.
Kg4 Kxb4 53. f4 Kxa4 54. f5 Kb5 55. f6 Kc5 56. f7 Ne6 57. Kf5 Kd6 58. Kf6 a5
59. e4 a4 60. Ng5 Nf8 61. e5+ Kd5 62. e6 a3 63. e7 a2 64. exf8=Q a1=Q+ 65. Kg6
Qa6+ 66. Kg7 Qa7 67. Qd8+ Ke5 68. Kh8 Qg1 69. Qe7+ Kd5 70. f8=Q Qh2+ 71. Nh7
Qb2+ 72. Qef6 1-0

[Event "Gausdal Bygger'n Masters"]
[Site "Gausdal NOR"]
[Date "2005.10.06"]
[Round "6.26"]
[White "Akesson, Ralf"]
[Black "Brynell, Stellan"]
[Result "1/2-1/2"]
[WhiteElo "2486"]
[BlackElo "2496"]
[PlyCount "143"]
[EventDate "2005.10.01"]
[EventType "swiss"]
[EventRounds "9"]
[EventCountry "NOR"]
[Source "lmi"]
[SourceDate "2005.10.05"]

1. d4 Nf6 2. c4 e6 3. Nf3 b6 4. g3 Ba6 5. b3 Bb7 6. Bg2 Bb4+ 7. Bd2 a5 8. O-O
O-O 9. Qc2 d6 10. Nc3 Nbd7 11. Rfe1 Bxc3 12. Bxc3 Be4 13. Qc1 c6 14. Bf1 d5 15.
Nd2 Bg6 16. Bg2 Re8 17. e4 dxe4 18. Nxe4 Nxe4 19. Bxe4 Bxe4 20. Rxe4 a4 21. Qb2
axb3 22. axb3 Rxa1+ 23. Qxa1 Qa8 24. Qb2 b5 25. Re1 bxc4 26. bxc4 Rb8 27. Ra1
Rxb2 28. Rxa8+ Rb8 29. Rxb8+ Nxb8 30. Kf1 Nd7 31. Ke2 f5 32. Kd3 Kf7 33. f3 g6
34. Kc2 Nf6 35. Bd2 Ke8 36. Kb3 Nd7 37. Bf4 Kd8 38. Bg5+ Kc7 39. Kc3 Nb6 40.
Bf4+ Kc8 41. Kd3 Kd7 42. Bd2 Ke7 43. Kc3 Nd7 44. Bg5+ Kd6 45. Bf4+ e5 46. dxe5+
Ke6 47. Kb4 g5 48. Bxg5 Nxe5 49. f4 Ng4 50. Kc5 Kd7 51. h3 Nf2 52. Kd4 Ke6 53.
Ke3 Nd1+ 54. Kd4 Nf2 55. Bh4 Ne4 56. g4 Nd6 57. Kc5 Kd7 58. Be1 Ne4+ 59. Kb6
Nd6 60. Kc5 Ne4+ 61. Kd4 Ke6 62. h4 c5+ 63. Kd3 Nf6 64. g5 Nh5 65. Bd2 Kd6 66.
Kc2 Kc6 67. Kb2 Kb6 68. Kb3 Ka6 69. Ka4 Kb6 70. Be3 Ng3 71. Bc1 Nh5 72. Be3
1/2-1/2

[Event "Gausdal Bygger'n Masters"]
[Site "Gausdal NOR"]
[Date "2005.10.07"]
[Round "7.1"]
[White "Seret, Jean-Luc"]
[Black "Svensen, Tarjei J"]
[Result "1-0"]
[WhiteElo "2391"]
[BlackElo "2112"]
[PlyCount "59"]
[EventDate "2005.10.01"]
[EventType "swiss"]
[EventRounds "9"]
[EventCountry "NOR"]
[Source "lmi"]
[SourceDate "2005.10.05"]

1. e4 e6 2. d3 d5 3. Nd2 c5 4. g3 Bd6 5. Bg2 Ne7 6. Ngf3 Nbc6 7. O-O O-O 8. Re1
Bc7 9. a3 a5 10. a4 b6 11. Nb1 Ba6 12. exd5 exd5 13. Nc3 Qd7 14. Ng5 h6 15. Nh3
Nd4 16. Rxe7 Qxe7 17. Nxd5 Qd7 18. Bxh6 Rad8 19. c3 Ne6 20. Bxg7 Kxg7 21. Qg4+
Kh8 22. Qh4+ Kg7 23. Qf6+ Kg8 24. Ne7+ Qxe7 25. Qxe7 Bxd3 26. Qh4 Rd7 27. Bc6
Rd6 28. Be4 Bxe4 29. Qxe4 Rfd8 30. Re1 1-0

[Event "Gausdal Bygger'n Masters"]
[Site "Gausdal NOR"]
[Date "2005.10.07"]
[Round "7.2"]
[White "Bentsen, Oyvind"]
[Black "Silseth, Simon"]
[Result "0-1"]
[WhiteElo "2146"]
[BlackElo "2328"]
[PlyCount "114"]
[EventDate "2005.10.01"]
[EventType "swiss"]
[EventRounds "9"]
[EventCountry "NOR"]
[Source "lmi"]
[SourceDate "2005.10.05"]

1. e4 e5 2. Nf3 d6 3. d4 Nf6 4. Nc3 Nbd7 5. Bc4 Be7 6. O-O O-O 7. h3 c6 8. dxe5
dxe5 9. a4 b6 10. Qe2 Qc7 11. Ng5 h6 12. Nf3 a6 13. Nh4 Kh7 14. Nf5 Bc5 15. Qd2
Ng8 16. g4 Ndf6 17. Kh1 Be6 18. Bxe6 fxe6 19. Ng3 Ne7 20. g5 Nfg8 21. Qe2 Ng6
22. Be3 Nf4 23. Qg4 hxg5 24. Bxc5 bxc5 25. Nge2 Qe7 26. Rg1 Nh6 27. Qg3 Nf7 28.
Nxf4 exf4 29. Qf3 Qf6 30. Rae1 Ne5 31. Qh5+ Qh6 32. Qxh6+ gxh6 33. Rd1 Rfd8 34.
a5 Rd4 35. Rxd4 cxd4 36. Na4 Rb8 37. Rd1 Rb4 38. Nc5 Rxb2 39. Nxa6 Ra2 40. Rxd4
Rxa5 41. Nc7 Ra1+ 42. Kg2 f3+ 43. Kh2 Rf1 44. Rd2 Re1 45. Rd6 Re2 46. Kg1 g4
47. Rxe6 g3 48. fxg3 Rg2+ 49. Kh1 Rxc2 50. Re7+ Kg8 51. Re8+ Kh7 52. Re7+ Kg6
53. Re6+ Kg7 54. Ne8+ Kg8 55. Kg1 Rg2+ 56. Kh1 Nd3 57. Rg6+ Kh7 0-1

[Event "Gausdal Bygger'n Masters"]
[Site "Gausdal NOR"]
[Date "2005.10.07"]
[Round "7.3"]
[White "Jacobsen, Maria Pitz"]
[Black "Pettersen, Joar Gullestad"]
[Result "0-1"]
[WhiteElo "1336"]
[BlackElo "2050"]
[PlyCount "60"]
[EventDate "2005.10.01"]
[EventType "swiss"]
[EventRounds "9"]
[EventCountry "NOR"]
[Source "lmi"]
[SourceDate "2005.10.05"]

1. e4 d5 2. exd5 Nf6 3. d4 Nxd5 4. c4 Nb6 5. Nf3 g6 6. Be3 Bg7 7. Nc3 O-O 8.
Qd2 Re8 9. O-O-O Nc6 10. Be2 e5 11. d5 Ne7 12. c5 Nd7 13. Bc4 Nf5 14. d6 Nxe3
15. Qxe3 c6 16. Rhe1 Qa5 17. Ne4 b6 18. Qb3 Rf8 19. Bxf7+ Kh8 20. cxb6 axb6 21.
Bc4 Nc5 22. Nxc5 Qxc5 23. d7 Ba6 24. Nxe5 Bxe5 25. Rxe5 Qxc4+ 26. Qxc4 Bxc4 27.
Rde1 Bf7 28. Re7 Kg7 29. R1e6 Rfd8 30. a3 Kf8 0-1

[Event "Gausdal Bygger'n Masters"]
[Site "Gausdal NOR"]
[Date "2005.10.07"]
[Round "7.4"]
[White "Hobber, Anders"]
[Black "Lie, Terje"]
[Result "0-1"]
[WhiteElo "1915"]
[BlackElo "1178"]
[PlyCount "66"]
[EventDate "2005.10.01"]
[EventType "swiss"]
[EventRounds "9"]
[EventCountry "NOR"]
[Source "lmi"]
[SourceDate "2005.10.05"]

1. e4 d6 2. d4 Nf6 3. Nc3 g6 4. f4 Bg7 5. Nf3 c5 6. dxc5 Qa5 7. Bd3 Qxc5 8. Qe2
Bg4 9. Be3 Qa5 10. O-O O-O 11. h3 Bxf3 12. Qxf3 Nc6 13. g4 Nd7 14. Nd1 e6 15.
f5 Nde5 16. Qg3 d5 17. Qh4 exf5 18. gxf5 Nxd3 19. cxd3 dxe4 20. f6 Bh8 21. dxe4
Rfe8 22. Bg5 Rad8 23. Qh6 Rxe4 24. h4 Rg4+ 25. Kh2 Qe5+ 26. Rf4 Rxf4 27. Bxf4
Qxf6 28. Bg5 Qd6+ 29. Kg2 Re8 30. Ne3 Bg7 31. Nf5 Qd5+ 32. Kh2 Qxf5 33. Rf1
Qxf1 0-1

[Event "Gausdal Bygger'n Masters"]
[Site "Gausdal NOR"]
[Date "2005.10.07"]
[Round "7.5"]
[White "Nilsen, Jarle"]
[Black "Astrup, Hakon"]
[Result "1/2-1/2"]
[WhiteElo "1632"]
[BlackElo "1943"]
[PlyCount "66"]
[EventDate "2005.10.01"]
[EventType "swiss"]
[EventRounds "9"]
[EventCountry "NOR"]
[Source "lmi"]
[SourceDate "2005.10.05"]

1. d4 c6 2. Nf3 d5 3. Bf4 Nf6 4. e3 Bg4 5. Be2 e6 6. Nbd2 Bd6 7. Ne5 Bxe2 8.
Qxe2 Qc7 9. c4 Nbd7 10. Nxd7 Qxd7 11. Bxd6 Qxd6 12. c5 Qc7 13. O-O O-O 14. f4
Rae8 15. g4 Re7 16. Kh1 Nd7 17. Rf3 f6 18. Qf2 e5 19. fxe5 fxe5 20. Rxf8+ Nxf8
21. Rf1 Ne6 22. Qf5 exd4 23. exd4 Qd7 24. Kg2 Rf7 25. Qe5 Rxf1 26. Nxf1 Nf8 27.
Ne3 Qe6 28. Qxe6+ Nxe6 29. Nc2 Kf7 30. Kg3 Kf6 31. h4 g5 32. h5 Nf4 33. Kf3 Ke6
1/2-1/2

[Event "Gausdal Bygger'n Masters"]
[Site "Gausdal NOR"]
[Date "2005.10.07"]
[Round "7.6"]
[White "Haugstad, Espen"]
[Black "Harstad, Christian"]
[Result "1-0"]
[WhiteElo "1607"]
[BlackElo "2078"]
[PlyCount "59"]
[EventDate "2005.10.01"]
[EventType "swiss"]
[EventRounds "9"]
[EventCountry "NOR"]
[Source "lmi"]
[SourceDate "2005.10.05"]

1. e4 e5 2. f4 exf4 3. Nf3 g5 4. h4 g4 5. Ne5 Nf6 6. Bc4 d5 7. exd5 Bd6 8. d4
Nh5 9. Bb5+ Kf8 10. O-O a6 11. Be2 f5 12. Bxf4 Nxf4 13. Rxf4 Kg7 14. g3 Re8 15.
Qf1 Bxe5 16. dxe5 Qxd5 17. Nc3 Qc5+ 18. Kh2 Rxe5 19. Bxg4 Nc6 20. Bf3 Nd4 21.
Qf2 Be6 22. Qxd4 Qxd4 23. Rxd4 c5 24. Rdd1 Rb8 25. Re1 Rxe1 26. Rxe1 Kf6 27.
Nd5+ Bxd5 28. Bxd5 Rd8 29. Re6+ Kg7 30. c4 1-0

[Event "Gausdal Bygger'n Masters"]
[Site "Gausdal NOR"]
[Date "2005.10.07"]
[Round "7.7"]
[White "Reppen, Sigmund"]
[Black "Vea, Odin Blikra"]
[Result "0-1"]
[WhiteElo "1916"]
[BlackElo "2090"]
[PlyCount "72"]
[EventDate "2005.10.01"]
[EventType "swiss"]
[EventRounds "9"]
[EventCountry "NOR"]
[Source "lmi"]
[SourceDate "2005.10.05"]

1. e4 e5 2. Nf3 Nc6 3. d4 exd4 4. Bc4 Nf6 5. O-O Nxe4 6. Re1 d5 7. Bxd5 Qxd5 8.
Nc3 Qa5 9. Nxe4 Be6 10. Neg5 O-O-O 11. Nxe6 fxe6 12. Rxe6 Bd6 13. Bg5 Rde8 14.
Qe1 Qxe1+ 15. Raxe1 Kd7 16. Rxe8 Rxe8 17. Rxe8 Kxe8 18. Bd2 Kd7 19. Kf1 h6 20.
Ke2 Ke6 21. Kd3 Kd5 22. a3 Ne5+ 23. Nxe5 Bxe5 24. h3 c5 25. b3 b5 26. f3 c4+
27. Ke2 Bd6 28. Bc1 g5 29. g4 a5 30. Bd2 a4 31. b4 Bg3 32. c3 dxc3 33. Be3 Bd6
34. Bc1 Bg3 35. Be3 Bd6 36. Bc1 c2 0-1

[Event "Gausdal Bygger'n Masters"]
[Site "Gausdal NOR"]
[Date "2005.10.07"]
[Round "7.8"]
[White "White, Kevin"]
[Black "Fossum, Oystein Boyum"]
[Result "1/2-1/2"]
[WhiteElo "2069"]
[BlackElo "2247"]
[PlyCount "44"]
[EventDate "2005.10.01"]
[EventType "swiss"]
[EventRounds "9"]
[EventCountry "NOR"]
[Source "lmi"]
[SourceDate "2005.10.05"]

1. Nf3 e6 2. c4 d5 3. b3 Nf6 4. Bb2 c5 5. e3 Nc6 6. Be2 d4 7. exd4 cxd4 8. d3
e5 9. O-O Bd6 10. Na3 Qe7 11. Nc2 O-O 12. a3 a5 13. Re1 Re8 14. Bf1 Qf8 15. Bc1
Bg4 16. Rb1 Rad8 17. h3 Bh5 18. g4 Nxg4 19. hxg4 Bxg4 20. Re4 h5 21. Rxg4 hxg4
22. Ng5 f5 1/2-1/2

[Event "Gausdal Bygger'n Masters"]
[Site "Gausdal NOR"]
[Date "2005.10.07"]
[Round "7.9"]
[White "Agdestein, Emil"]
[Black "Svendsen, Bertil"]
[Result "0-1"]
[WhiteElo "2057"]
[BlackElo "2205"]
[PlyCount "62"]
[EventDate "2005.10.01"]
[EventType "swiss"]
[EventRounds "9"]
[EventCountry "NOR"]
[Source "lmi"]
[SourceDate "2005.10.05"]

1. Nc3 d5 2. e4 dxe4 3. Nxe4 Nf6 4. Nxf6+ exf6 5. d4 Bd6 6. Bd3 O-O 7. Ne2 c6
8. Be3 Na6 9. c3 Nc7 10. Qc2 g6 11. h4 Nd5 12. h5 Nxe3 13. fxe3 f5 14. hxg6
fxg6 15. O-O-O Qg5 16. Bc4+ Kg7 17. Qd2 Re8 18. Rh3 b5 19. Bb3 f4 20. exf4 Qxg2
21. Re3 Bg4 22. Re1 Qf2 23. Re5 Bxe5 24. fxe5 Rf8 25. Bd1 a5 26. a3 h5 27. Kb1
h4 28. Rh1 Bf3 29. Rg1 Bxe2 30. Rxg6+ Kxg6 31. Bc2+ Kh5 0-1

[Event "Gausdal Bygger'n Masters"]
[Site "Gausdal NOR"]
[Date "2005.10.07"]
[Round "7.10"]
[White "Kvisla, Johannes Luangtep"]
[Black "Carlsen, Ellen Oen"]
[Result "1-0"]
[WhiteElo "2123"]
[BlackElo "1866"]
[PlyCount "67"]
[EventDate "2005.10.01"]
[EventType "swiss"]
[EventRounds "9"]
[EventCountry "NOR"]
[Source "lmi"]
[SourceDate "2005.10.05"]

1. e4 c5 2. Nf3 Nc6 3. Nc3 e6 4. Bb5 Nf6 5. e5 Nd5 6. Nxd5 exd5 7. O-O Be7 8.
d4 a6 9. Be2 d6 10. exd6 Bxd6 11. dxc5 Bxc5 12. Bg5 f6 13. Bh4 O-O 14. c3 Be6
15. Qc2 Qc7 16. Bd3 g6 17. Rae1 Rae8 18. Bg3 Bd6 19. Re2 Bxg3 20. hxg3 Bg4 21.
Rxe8 Rxe8 22. Bxg6 Re7 23. Bf5 Bxf3 24. gxf3 Rg7 25. Kg2 Ne5 26. Be6+ Kf8 27.
Qf5 Qd8 28. Rd1 Rg6 29. Rxd5 Qc7 30. f4 Ng4 31. Rd7 Qb6 32. Rd4 Qxb2 33. Rd8+
Kg7 34. Rg8+ 1-0

[Event "Gausdal Bygger'n Masters"]
[Site "Gausdal NOR"]
[Date "2005.10.07"]
[Round "7.11"]
[White "Sjol, Henrik"]
[Black "Gilbert, Jessie"]
[Result "0-1"]
[WhiteElo "1656"]
[BlackElo "2148"]
[PlyCount "80"]
[EventDate "2005.10.01"]
[EventType "swiss"]
[EventRounds "9"]
[EventCountry "NOR"]
[Source "lmi"]
[SourceDate "2005.10.05"]

1. d4 Nf6 2. Nf3 g6 3. c4 Bg7 4. Nc3 O-O 5. e4 d6 6. Be2 e5 7. O-O Nc6 8. d5
Ne7 9. Ne1 Ne8 10. Be3 f5 11. f3 f4 12. Bf2 g5 13. Nd3 Rf6 14. c5 h5 15. Rc1
Rg6 16. cxd6 cxd6 17. a4 g4 18. Qe1 Bd7 19. Nb5 Bh6 20. Rc3 a6 21. Na3 Bxa4 22.
Nc4 Nc8 23. b4 g3 24. hxg3 fxg3 25. Bxg3 Qg5 26. f4 Qxg3 27. Qxg3 Rxg3 28. fxe5
dxe5 29. Bxh5 Ncd6 30. Ncxe5 Nxe4 31. Ra3 Bb5 32. Kh2 N8d6 33. Bf3 Rg5 34. Re1
Re8 35. Raa1 Rgxe5 36. Nxe5 Rxe5 37. Rac1 Bxc1 38. Rxc1 Bc4 39. Rg1 Bxd5 40. g4
Nf7 0-1

[Event "Gausdal Bygger'n Masters"]
[Site "Gausdal NOR"]
[Date "2005.10.07"]
[Round "7.12"]
[White "Thomassen, Joachim"]
[Black "Urkedal, Frode Olav Olsen"]
[Result "1/2-1/2"]
[WhiteElo "1963"]
[BlackElo "2141"]
[PlyCount "58"]
[EventDate "2005.10.01"]
[EventType "swiss"]
[EventRounds "9"]
[EventCountry "NOR"]
[Source "lmi"]
[SourceDate "2005.10.05"]

1. d4 Nf6 2. c4 e6 3. Nf3 Bb4+ 4. Bd2 Qe7 5. g3 Bxd2+ 6. Nbxd2 d6 7. Bg2 Nc6 8.
O-O O-O 9. e4 e5 10. d5 Nb8 11. Ne1 a5 12. Nd3 Nbd7 13. Qc2 Nc5 14. Nxc5 dxc5
15. f4 b6 16. Rae1 Nd7 17. Nf3 Re8 18. Bh3 exf4 19. gxf4 Ne5 20. Bxc8 Nxf3+ 21.
Rxf3 Raxc8 22. e5 Rcd8 23. Rh3 g6 24. f5 c6 25. f6 Qd7 26. Rd3 Qg4+ 27. Kh1
cxd5 28. cxd5 c4 29. Rdd1 Rxe5 1/2-1/2

[Event "Gausdal Bygger'n Masters"]
[Site "Gausdal NOR"]
[Date "2005.10.07"]
[Round "7.13"]
[White "Bjorgvik, Jan Arne"]
[Black "Johansson, Per"]
[Result "1/2-1/2"]
[WhiteElo "2119"]
[BlackElo "2005"]
[PlyCount "49"]
[EventDate "2005.10.01"]
[EventType "swiss"]
[EventRounds "9"]
[EventCountry "NOR"]
[Source "lmi"]
[SourceDate "2005.10.05"]

1. e4 c6 2. d4 d5 3. exd5 cxd5 4. Nf3 Bg4 5. Be2 Nc6 6. O-O e6 7. Re1 Nf6 8. c3
Bd6 9. h3 Bh5 10. Ne5 Bxe2 11. Nxc6 Bxd1 12. Nxd8 Kxd8 13. Rxd1 Kd7 14. Nd2
Rac8 15. Nf3 Rc4 16. Be3 Ke7 17. Re1 Ra8 18. Nd2 Rc6 19. Bg5 h6 20. Bxf6+ Kxf6
21. g3 b5 22. a3 Rb8 23. Nf3 a5 24. Ne5 Bxe5 25. Rxe5 1/2-1/2

[Event "Gausdal Bygger'n Masters"]
[Site "Gausdal NOR"]
[Date "2005.10.07"]
[Round "7.14"]
[White "Aandal, Kristian"]
[Black "Bryn, Askild"]
[Result "1-0"]
[WhiteElo "1941"]
[BlackElo "2019"]
[PlyCount "31"]
[EventDate "2005.10.01"]
[EventType "swiss"]
[EventRounds "9"]
[EventCountry "NOR"]
[Source "lmi"]
[SourceDate "2005.10.05"]

1. d4 f5 2. Nc3 Nf6 3. Bg5 e6 4. e4 fxe4 5. Nxe4 Be7 6. Bxf6 Bxf6 7. Nf3 b6 8.
c3 a5 9. Bd3 Ba6 10. O-O O-O 11. Bxa6 Nxa6 12. d5 Qe8 13. Re1 exd5 14. Nxf6+
Rxf6 15. Rxe8+ Rxe8 16. Qxd5+ 1-0

[Event "Gausdal Bygger'n Masters"]
[Site "Gausdal NOR"]
[Date "2005.10.07"]
[Round "7.15"]
[White "Dobrov, Vladimir"]
[Black "Akesson, Ralf"]
[Result "1-0"]
[WhiteElo "2515"]
[BlackElo "2486"]
[PlyCount "71"]
[EventDate "2005.10.01"]
[EventType "swiss"]
[EventRounds "9"]
[EventCountry "NOR"]
[Source "lmi"]
[SourceDate "2005.10.05"]

1. d4 Nf6 2. c4 e6 3. Nf3 b6 4. Nc3 Bb7 5. a3 d5 6. Bg5 Be7 7. Qa4+ c6 8. Bxf6
Bxf6 9. cxd5 exd5 10. g3 O-O 11. Bg2 Qe7 12. O-O Rd8 13. Rfe1 c5 14. Rad1 Nd7
15. e4 dxe4 16. Nxe4 Bxe4 17. Nd2 Bxg2 18. Rxe7 Bxe7 19. Kxg2 cxd4 20. Qxd4 Nc5
21. Qg4 h6 22. b4 Ne6 23. Nc4 Rac8 24. Rxd8+ Bxd8 25. Nd6 Rc7 26. Qf5 Nf8 27.
Qd5 Rd7 28. Qc6 Bf6 29. a4 Be7 30. Nf5 Bxb4 31. Qc4 Bd2 32. h4 h5 33. Qe4 g6
34. Ne7+ Kh7 35. Nd5 f5 36. Qd4 1-0

[Event "Gausdal Bygger'n Masters"]
[Site "Gausdal NOR"]
[Date "2005.10.07"]
[Round "7.16"]
[White "Kulaots, Kaido"]
[Black "Hauchard, Arnaud"]
[Result "1/2-1/2"]
[WhiteElo "2558"]
[BlackElo "2483"]
[PlyCount "73"]
[EventDate "2005.10.01"]
[EventType "swiss"]
[EventRounds "9"]
[EventCountry "NOR"]
[Source "lmi"]
[SourceDate "2005.10.05"]

1. e4 e5 2. Nf3 Nf6 3. Nxe5 d6 4. Nf3 Nxe4 5. d4 d5 6. Bd3 Bd6 7. O-O O-O 8. c4
c6 9. Qc2 Na6 10. a3 Bg4 11. Ne5 Bh5 12. cxd5 cxd5 13. Nc3 Bxe5 14. dxe5 Nac5
15. Nxe4 Nxd3 16. Qxd3 Bg6 17. Qb3 Bxe4 18. Qxb7 a5 19. f3 Bc2 20. Rf2 Rc8 21.
b4 d4 22. Bd2 a4 23. Re1 Re8 24. f4 Bf5 25. Qf3 Qd7 26. h3 Qb5 27. Kh2 Rc2 28.
g4 Bd7 29. Qe4 Qc4 30. f5 Bc6 31. Qf4 d3 32. Qxc4 Rxc4 33. Kg3 Rc2 34. Kf4 Rc4+
35. Kg3 Rc2 36. Kf4 Rc4+ 37. Kg3 1/2-1/2

[Event "Gausdal Bygger'n Masters"]
[Site "Gausdal NOR"]
[Date "2005.10.07"]
[Round "7.17"]
[White "Tallaksen, Geir Sune"]
[Black "Karlsson, Lars"]
[Result "1-0"]
[WhiteElo "2350"]
[BlackElo "2501"]
[PlyCount "99"]
[EventDate "2005.10.01"]
[EventType "swiss"]
[EventRounds "9"]
[EventCountry "NOR"]
[Source "lmi"]
[SourceDate "2005.10.05"]

1. d4 e6 2. c4 f5 3. Nf3 Nf6 4. Nc3 Bb4 5. Qb3 Qe7 6. Bg5 O-O 7. g3 a5 8. Bg2
d6 9. O-O Bxc3 10. Qxc3 Nbd7 11. Rac1 e5 12. dxe5 dxe5 13. c5 e4 14. Nd4 Ne5
15. f3 exf3 16. exf3 Nf7 17. Rfe1 Qd8 18. Ne6 Bxe6 19. Bxf6 Qxf6 20. Qxf6 gxf6
21. Rxe6 Ng5 22. Re7 Rf7 23. Rce1 Rd8 24. h4 Rxe7 25. Rxe7 Rd1+ 26. Kh2 Kf8 27.
Rxc7 Ne6 28. Rxb7 Nxc5 29. Rb5 Nd3 30. Rxf5 Kg7 31. Rxa5 Nxb2 32. g4 Nc4 33.
Ra7+ Kf8 34. Kg3 h6 35. a4 Ra1 36. f4 Ra3+ 37. Kf2 Ra2+ 38. Kf3 Ra3+ 39. Kf2
Ra2+ 40. Kf3 Ra3+ 41. Ke4 Rg3 42. Bf1 Nd2+ 43. Kf5 Nxf1 44. Kxf6 Ke8 45. g5
hxg5 46. hxg5 Ne3 47. Ke6 Kf8 48. f5 Nxf5 49. Kxf5 Rc3 50. Kg6 1-0

[Event "Gausdal Bygger'n Masters"]
[Site "Gausdal NOR"]
[Date "2005.10.07"]
[Round "7.18"]
[White "Hammer, Jon Ludvig"]
[Black "Burmakin, Vladimir"]
[Result "0-1"]
[WhiteElo "2278"]
[BlackElo "2508"]
[PlyCount "120"]
[EventDate "2005.10.01"]
[EventType "swiss"]
[EventRounds "9"]
[EventCountry "NOR"]
[Source "lmi"]
[SourceDate "2005.10.05"]

1. e4 c6 2. d4 d5 3. Nd2 dxe4 4. Nxe4 h6 5. Bc4 Bf5 6. Ng3 Bh7 7. c3 e6 8. Qe2
Nd7 9. f4 Ne7 10. Nf3 Nf5 11. Nxf5 Bxf5 12. Ne5 Bd6 13. O-O Qe7 14. Qf3 O-O 15.
Be3 Nb6 16. Bb3 Nd5 17. Rae1 Rad8 18. Kh1 Qc7 19. Bd2 Bh7 20. Nc4 Be7 21. Ne3
Nxe3 22. Bxe3 b6 23. Rd1 Rd7 24. Rf2 Rfd8 25. Rfd2 Qc8 26. a3 Rd6 27. c4 Bf6
28. d5 exd5 29. cxd5 c5 30. Ba4 a6 31. Bc6 Bf5 32. h3 Bd7 33. b4 Bxc6 34. dxc6
Bd4 35. bxc5 bxc5 36. Bxd4 cxd4 37. Qf2 Qxc6 38. Rxd4 Rxd4 39. Rxd4 Qc1+ 40.
Kh2 Rxd4 41. Qxd4 Qxa3 42. Qd8+ Kh7 43. Qd7 Qb3 44. h4 h5 45. Qa7 Qc4 46. g3 g6
47. f5 gxf5 48. Qe3 a5 49. Qe5 Qc2+ 50. Kh3 Qe4 51. Qa1 a4 52. Kh2 f4 53. Qf6
Qe2+ 54. Kg1 Qe3+ 55. Kh1 Qf3+ 56. Kg1 Qxg3+ 57. Kh1 Qf3+ 58. Kg1 Qe3+ 59. Kh1
Qe6 60. Qxf4 Qh3+ 0-1

[Event "Gausdal Bygger'n Masters"]
[Site "Gausdal NOR"]
[Date "2005.10.07"]
[Round "7.19"]
[White "Brynell, Stellan"]
[Black "Bentsen, Hakon"]
[Result "1-0"]
[WhiteElo "2496"]
[BlackElo "2158"]
[PlyCount "95"]
[EventDate "2005.10.01"]
[EventType "swiss"]
[EventRounds "9"]
[EventCountry "NOR"]
[Source "lmi"]
[SourceDate "2005.10.05"]

1. Nf3 Nf6 2. c4 e6 3. g3 b6 4. d4 Bb7 5. Bg2 c5 6. d5 exd5 7. Nh4 g6 8. Nc3
Bg7 9. O-O O-O 10. Bg5 h6 11. Bxf6 Qxf6 12. Nxd5 Bxd5 13. Bxd5 Nc6 14. Qd2 g5
15. Ng2 Qxb2 16. Rad1 Rad8 17. Ne3 Qxd2 18. Rxd2 Ne7 19. Bg2 Bd4 20. Nd5 Nxd5
21. Bxd5 Kg7 22. e3 Bf6 23. Rd3 Be5 24. Rfd1 Bc7 25. Bg2 d6 26. Ra3 a5 27. Bc6
f6 28. Kg2 Rf7 29. f4 Re7 30. Kf3 Rf8 31. Rad3 f5 32. h3 Kf6 33. Rd5 gxf4 34.
exf4 h5 35. Ba4 Kg7 36. Bc2 Rfe8 37. Bd3 Re3+ 38. Kg2 h4 39. gxh4 Rf8 40. a4
Kh6 41. Bxf5 Re2+ 42. Kf3 Ra2 43. Bd7 Ra3+ 44. Kg4 Ra2 45. Re1 Rg2+ 46. Kf3 Rg6
47. Be8 Rgg8 48. Re6+ 1-0

[Event "Gausdal Bygger'n Masters"]
[Site "Gausdal NOR"]
[Date "2005.10.07"]
[Round "7.21"]
[White "Myhrvold, Rune"]
[Black "Richards, Heather"]
[Result "1-0"]
[WhiteElo "2164"]
[BlackElo "2239"]
[PlyCount "81"]
[EventDate "2005.10.01"]
[EventType "swiss"]
[EventRounds "9"]
[EventCountry "NOR"]
[Source "lmi"]
[SourceDate "2005.10.05"]

1. e4 e6 2. d4 d5 3. Nc3 Bb4 4. e5 c5 5. a3 Bxc3+ 6. bxc3 Qa5 7. Bd2 Qa4 8. Qg4
g6 9. Bd3 Nc6 10. Nf3 Nge7 11. O-O c4 12. Be2 Qxc2 13. Rac1 Qb2 14. Qf4 h5 15.
Ng5 Nf5 16. h3 Qxa3 17. g4 hxg4 18. hxg4 Nh6 19. Qf6 Qf8 20. Kg2 Bd7 21. Rh1
Ne7 22. Rh4 O-O-O 23. Rch1 Nc6 24. Nf3 Qa3 25. Rxh6 Rxh6 26. Rxh6 a5 27. Ng5
Qb2 28. Qf4 Be8 29. Qe3 a4 30. Bc1 Qa1 31. Rh7 a3 32. Bxa3 Qxa3 33. Nxf7 Bxf7
34. Rxf7 Rd7 35. Rf6 Rh7 36. Rxe6 Qa1 37. Bf1 Qb1 38. Rf6 Kc7 39. e6 b5 40.
Rf7+ Rxf7 41. exf7 1-0

[Event "Gausdal Bygger'n Masters"]
[Site "Gausdal NOR"]
[Date "2005.10.07"]
[Round "7.22"]
[White "Aarland, Stein Arild"]
[Black "Thomassen, Thomas"]
[Result "1/2-1/2"]
[WhiteElo "2278"]
[BlackElo "2077"]
[PlyCount "125"]
[EventDate "2005.10.01"]
[EventType "swiss"]
[EventRounds "9"]
[EventCountry "NOR"]
[Source "lmi"]
[SourceDate "2005.10.05"]

1. e4 c5 2. Nf3 Nc6 3. Bb5 g6 4. O-O Bg7 5. d3 e5 6. a4 Nge7 7. Be3 d6 8. c3
O-O 9. Bc4 h6 10. h3 Kh7 11. d4 cxd4 12. cxd4 d5 13. exd5 Nxd5 14. Bxd5 Qxd5
15. Nc3 Qc4 16. dxe5 Nxe5 17. Nxe5 Bxe5 18. Qf3 Bd7 19. Rfd1 Bc6 20. Qg4 Qxg4
21. hxg4 a6 22. Bd4 Rfe8 23. b4 Rad8 24. Bxe5 Rxd1+ 25. Rxd1 Rxe5 26. f3 Kg7
27. Kf2 g5 28. Rd6 Re7 29. Rd4 Kf6 30. b5 axb5 31. axb5 Ke5 32. bxc6 Kxd4 33.
c7 Re8 34. Nb5+ Kd3 35. Nd6 Re2+ 36. Kf1 Rc2 37. c8=Q Rxc8 38. Nxc8 b5 39. Nb6
b4 40. Na4 b3 41. Kf2 Kd2 42. g3 Kd3 43. f4 f6 44. Nc5+ Kc4 45. Nxb3 Kxb3 46.
Ke3 Kc3 47. Ke4 Kd2 48. f5 Ke2 49. Kd5 Kf3 50. Ke6 Kxg4 51. Kxf6 h5 52. Ke5 h4
53. gxh4 gxh4 54. f6 h3 55. f7 h2 56. f8=Q h1=Q 57. Qf5+ Kg3 58. Qf4+ Kg2 59.
Qd2+ Kg3 60. Qf4+ Kg2 61. Qd2+ Kg3 62. Qe3+ Qf3 63. Qxf3+ 1/2-1/2